The berenstain bears : (Record no. 105569)
[ view plain ]
| 000 -LEADER | |
|---|---|
| fixed length control field | 00556nam a2200169 a 4500 |
| 005 - DATE AND TIME OF LATEST TRANSACTION | |
| control field | 20140412111406.0 |
| 008 - FIXED-LENGTH DATA ELEMENTS--GENERAL INFORMATION | |
| fixed length control field | 070705s19uu xx 00 eng d |
| 020 ## - INTERNATIONAL STANDARD BOOK NUMBER | |
| International Standard Book Number | 0-679-80091-3 |
| 050 ## - LIBRARY OF CONGRESS CALL NUMBER | |
| Classification number | ER |
| Item number | Be35Tr 1989 |
| 100 ## - MAIN ENTRY--PERSONAL NAME | |
| Personal name | Berenstain, Stan |
| 245 ## - TITLE STATEMENT | |
| Title | The berenstain bears : |
| Remainder of title | Trick or treat / |
| Statement of responsibility, etc | Stan Berenstain. |
| 260 ## - PUBLICATION, DISTRIBUTION, ETC. (IMPRINT) | |
| Place of publication, distribution, etc | New York : |
| Name of publisher, distributor, etc | Random house, |
| Date of publication, distribution, etc | 1989. |
| 440 ## - SERIES STATEMENT/ADDED ENTRY--TITLE | |
| Title | First time books |
| 520 ## - SUMMARY, ETC. | |
| Summary, etc | The berenstain bears cubs have an adventure on halloween night that proves mother's adage |
| 650 ## - SUBJECT ADDED ENTRY--TOPICAL TERM | |
| Topical term or geographic name as entry element | Halloween - fiction |
| Withdrawn status | Lost status | Damaged status | Home library | Current library | Shelving location | Date acquired | Source of acquisition | Total Checkouts | Full call number | Barcode | Date last seen | Price effective from | Koha item type |
|---|---|---|---|---|---|---|---|---|---|---|---|---|---|
| Elizalde Library | Elizalde Library | Easy Reading Section | 07/05/2007 | ER Be35Tr 1989 | E10351 | 04/12/2014 | 04/12/2014 | Books |